[Event "IIFL Wealth 4th Mumbai GM"]
[Site "Mumbai"]
[Date "2018.12.31"]
[Round "2"]
[White "Ankit, R. Rajpara"]
[Black "Harshavardhan G B"]
[Result "1/2-1/2"]
[WhiteElo "2465"]
[BlackElo "2163"]
[Annotator "TA"]
[PlyCount "174"]
[EventDate "2018.12.30"]
[EventType "swiss"]
[EventCountry "IND"]
[SourceTitle "playchess.com"]
[Source "ChessBase"]
[SourceQuality "1"]

{[%evp 20,174,87,85,87,88,87,93,84,40,47,48,56,19,17,6,67,74,65,34,88,88,83,59,67,67,158,75,75,67,87,87,111,114,158,137,165,160,141,4,44,47,181,169,141,143,132,133,306,81,76,62,88,56,56,20,56,20,20,20,21,20,20,20,29,34,119,29,31,8,8,8,8,8,8,0,0,0,0,0,2,8,16,16,40,0,0,0,0,0,0,0,0,0,0,0,0,0,0,0,0,0,0,0,137,137,137,137,138,0,0,0,0,0,0,0,0,0,0,0,0,0,0,0,0,0,0,0,0,0,0,0,0,0,0,0,0,0,0,0,0,0,0,0,0,0,0,0,0,0,0,0,0,0,0,0,0]} 1. d4 Nf6 {[%cal Bg8f6,Bf6e4,Be4d2][%mdl 32]} 2. Nf3 e6 3. c4 Bb4+ 4. Bd2 Qe7 5. g3 Nc6 6. Bg2 Ne4 7. O-O Nxd2 8. Nbxd2 d5 9. Rc1 O-O 10. a3 Bxd2 11. Qxd2 (11. Nxd2 Nxd4 12. e3 Nc6 $11) 11... Rd8 {E11: Bogo-Indian} 12. Qc3 a5 13. Rfd1 a4 {White is better.} 14. Ne5 $146 ({Predecessor:} 14. e3 Bd7 15. Ne1 dxc4 16. Qxc4 Rdc8 17. Nd3 Na5 18. Qc5 Kf8 19. Qh5 {1-0 (32) Hecht,H (2413)-Schneider,R Bayern 2000}) 14... Nxe5 15. dxe5 {[%cal Rc4d5]} c6 16. e4 {[%cal Rc4d5]} dxc4 17. Qxc4 Bd7 (17... Rxd1+ $11 18. Rxd1 Bd7) 18. Rd6 $14 Be8 19. Qd4 Rdc8 (19... Rxd6 $14 20. exd6 e5) 20. f4 $16 Ra5 21. Bf1 c5 22. Qd2 Ra7 (22... Raa8 $14) 23. Qe3 $36 {[%mdl 2048] Keeping Black busy.} (23. f5 $142 $1) 23... Ra5 24. Qc3 Raa8 25. f5 b5 26. Bh3 {[%cal Rf5e6]} exf5 27. exf5 Qg5 28. f6 Rd8 29. fxg7 (29. Qxc5 $16 Qh6 30. Bg4) 29... Rxd6 (29... b4 $5 {[%cal Rb4c3]} 30. Qe1 (30. Qxc5 Ra5 $16) (30. axb4 cxb4 31. Qe1 a3 $11) 30... Rab8 $16) 30. exd6 Rd8 (30... Qh6 $1 $14) 31. Qxc5 $18 Qd2 {[#]} 32. Bg4 $1 Bc6 33. Qxc6 Qd4+ {[#]} 34. Kh1 $2 (34. Kg2 $1 $18 {is the precise move to win.}) 34... Qxg4 $16 {[%mdl 4096] Endgame KQR-KQR} 35. Re1 Qd4 36. Qxb5 Rxd6 37. Re8+ Kxg7 38. Qg5+ Rg6 39. Qe5+ Qxe5 40. Rxe5 $11 {KR-KR} Rb6 41. Re2 Kg6 42. Kg2 Rb3 (42... h5 $14) 43. Rc2 ({Better is} 43. Re4 $16) 43... f5 44. Kf2 Kg5 45. Ke1 h5 46. Kf2 h4 47. gxh4+ Kxh4 48. Rc4+ Kh5 49. Rb4 (49. Rxa4 $6 Rxb2+ 50. Kg3 Rb1 $16) 49... Rh3 50. Kg2 Rd3 51. h4 ({Don't take} 51. Rxa4 $6 Rd2+ 52. Kg3 Rxb2 $16) 51... Kg6 52. Rxa4 {aiming for Rb4.} Rd2+ 53. Kg3 Rxb2 54. Rb4 Ra2 55. a4 Kf6 56. Kf4 Rf2+ 57. Ke3 Rh2 58. a5 Rh3+ 59. Kf2 Ra3 60. Rb6+ Kg7 61. a6 {Hoping for h5.} f4 (61... Rh3 $1 $11 {remains equal.}) 62. Rc6 Kh7 63. Rd6 Kg7 64. Rd7+ (64. Kg2 $16) 64... Kg6 {The position is equal.} 65. Ra7 Kh5 66. Ra8 {And now a7 would win.} Kh6 67. Ke2 ({Less strong is} 67. a7 Kh7 $18) 67... Kh7 68. h5 {[%cal Bh4h5,Bh5h6][%mdl 32]} Kg7 69. Kf2 Kh7 70. a7 Kg7 71. h6+ Kh7 72. Ke2 Re3+ 73. Kf1 Rf3+ 74. Kg1 (74. Ke1 $5 {[%cal Ra8h8]} Re3+ 75. Kd1 $18) 74... Rg3+ $1 75. Kh1 Rh3+ 76. Kg2 Rg3+ $1 77. Kf1 {Strongly threatening Rf8.} Rf3+ $1 78. Ke1 {Rh8+! would kill now.} Re3+ $1 79. Kd1 {Threatens to win with Rd8.} Rd3+ 80. Kc1 Ra3 81. Kb2 Ra6 82. Kc3 f3 83. Kd2 {Black must now prevent Ke3.} Ra2+ 84. Ke1 {Kf1 is the strong threat.} Re2+ $1 85. Kf1 {Threatening mate with Rh8+.} Ra2 86. Rf8 Rxa7 87. Rxf3 Ra2 {Accuracy: White = 61%, Black = 72%.} 1/2-1/2

[Event "IIFL Wealth 4th Mumbai GM"]
[Site "Mumbai"]
[Date "2018.12.31"]
[Round "2"]
[White "Sundararajan, Kidambi"]
[Black "Ziatdinov, Raset"]
[Result "1/2-1/2"]
[WhiteElo "2458"]
[BlackElo "2252"]
[Annotator "TA"]
[PlyCount "91"]
[EventDate "2018.12.30"]
[EventType "swiss"]
[EventCountry "IND"]
[SourceTitle "playchess.com"]
[Source "ChessBase"]
[SourceQuality "1"]

{[%evp 10,91,16,-10,30,14,13,0,0,-5,-4,-24,8,0,0,0,0,0,0,0,0,0,10,0,29,13,56,47,79,49,50,51,62,29,35,35,37,26,29,35,31,0,55,40,39,37,47,23,122,129,175,106,120,113,112,103,105,108,94,87,111,0,0,0,0,-352,0,0,0,0,0,0,0,0,0,0,0,0,0,0,8,27,47,0]} 1. c4 e5 2. Nc3 Nc6 3. e3 Nf6 4. a3 Be7 5. Nf3 O-O 6. Be2 {LiveBook: 6 Games. A28: English Opening: Four Knights Variation} (6. Qc2 Re8 7. Be2 Bf8 8. d3 d5 9. cxd5 Nxd5 10. Ne4 Nf6 11. b4 Nxe4 12. dxe4 Bd6 13. Bb2 a5 14. b5 {0-1 (66) Castellanos Rodriguez,R (2487)-Shvayger,Y (2438) Linares 2017}) 6... d6 7. d4 exd4 8. Nxd4 {The position is equal.} Nxd4 9. Qxd4 Be6 $146 10. Nd5 c5 11. Nxe7+ Qxe7 12. Qh4 d5 13. cxd5 Bxd5 14. f3 Qe6 15. O-O Nd7 16. Bd2 f5 17. Rac1 Rac8 18. Rfe1 Ne5 19. Bc3 Ng6 20. Qf2 Bb3 21. Bf1 a6 22. Qg3 Qe7 23. Bd3 Rc6 24. Qf2 Re6 25. g3 h5 (25... b5 $11) 26. h4 b5 27. f4 Bd5 28. Be2 Kf7 (28... Nh8 $11 {keeps the balance.}) 29. Bxh5 $16 Rh8 30. Rcd1 (30. Bf3 $1 $18 {[%cal Rf3d5]} Be4 31. h5) 30... Bb3 31. Bf3 $1 Bxd1 32. Rxd1 {Qc2 is the strong threat.} Rd8 {next ...Rxd1+ is good for Black.} 33. Rd5 {Threatens to win with h5.} Kg8 34. Rxf5 {Strongly threatening h5.} Rxe3 {With the idea ...b4.} 35. Bd5+ (35. h5 $16 b4 36. axb4 (36. hxg6 bxc3 37. bxc3 Qe6 $16) 36... cxb4 37. hxg6 (37. Bxb4 Rxf3 38. Qxf3 Qxb4 $14) 37... bxc3 38. bxc3) 35... Rxd5 $1 $11 36. Rxd5 {Black must now prevent Rg5.} Qe4 $1 {aiming for ...Re2.} 37. Rd1 $2 {[%mdl 8192] [#]} ({Avoid the trap} 37. Rxc5 $2 Re2 $19) (37. Rd7 $11 {and White is okay.} Ne7 38. Qg2) 37... Re2 $2 ({Better is} 37... Nxh4 $1 $19 {[%mdl 512]} 38. gxh4 Rh3) 38. Re1 Nxf4 $1 {( -> ...Nh3+)} 39. Rxe2 Nxe2+ 40. Kh2 Nd4 (40... c4 {looks sharper.} 41. Qg2 Qd3 42. Be5 Ng1 43. Qxg1 Qe2+) 41. Qf4 Qxf4 (41... Nf3+ {feels hotter.} 42. Kh3 Qe6+ 43. g4 Ng1+ 44. Kh2 Ne2) 42. gxf4 Nc6 43. Kg3 b4 44. Bd2 a5 45. Kf3 c4 $1 46. Ke4 {Accuracy: White = 54%, Black = 55%.} 1/2-1/2

[Event "IIFL Wealth 4th Mumbai GM"]
[Site "Mumbai"]
[Date "2018.12.31"]
[Round "2"]
[White "Das, Sayantan"]
[Black "Prajesh R"]
[Result "1-0"]
[WhiteElo "2453"]
[BlackElo "2102"]
[Annotator "TA"]
[PlyCount "74"]
[EventDate "2018.12.30"]
[EventType "swiss"]
[EventCountry "IND"]
[SourceTitle "playchess.com"]
[Source "ChessBase"]
[SourceQuality "1"]

{[%evp 20,74,0,0,39,29,54,30,27,23,39,0,0,0,177,182,184,179,182,181,177,170,172,174,175,170,200,193,209,213,247,240,391,383,360,368,355,364,342,289,281,271,417,408,359,459,429,458,457,453,441,429,429,372,478,468,474]} 1. e4 e6 2. Qe2 c5 3. Nf3 Nc6 4. g3 g6 5. Bg2 Bg7 6. O-O d6 7. c3 Nge7 8. d4 {C00: French: Unusual White 2nd moves} cxd4 9. cxd4 Nxd4 (9... O-O 10. Rd1 Qb6 11. Bg5 h6 12. Be3 d5 13. Nc3 dxe4 14. Nxe4 Nf5 15. Nc5 Rd8 {1-0 (50) Nepomniachtchi,I (2721)-Kamsky,G (2721) Beijing 2013}) 10. Nxd4 Bxd4 11. Bh6 {LiveBook: 10 Games} Qb6 12. Nc3 $146 {[%mdl 1024] White has compensation.} ({Predecessor:} 12. Nd2 e5 13. Nb3 Nc6 14. Qd2 Be6 15. Nxd4 Nxd4 {0-1 (27) Loginov,A (2275)-Gavrilov,A (2445) Moscow 1996}) 12... Bd7 13. Rad1 Rc8 14. Qd2 Nc6 15. Kh1 Rg8 16. Bf4 {[%cal Bh6f4,Bf4e3,Be3c5][%mdl 32]} Ke7 $2 {[#]} (16... Bxc3 $11 {and Black has nothing to worry.} 17. bxc3 Na5) 17. Be3 $1 $36 {[%mdl 2048] Keeping Black busy.} Bc5 {With the idea ...Ne5.} 18. Na4 Qb4 {Hoping for ...Bxe3.} 19. Nxc5 Qxd2 20. Rxd2 dxc5 21. Bxc5+ Ke8 22. Rfd1 Rd8 23. e5 Nxe5 24. b3 ({Don't play} 24. Bxb7 a5) 24... f6 25. Bxa7 Ra8 $2 {[#]} (25... g5 {might work better.} 26. f4 (26. Bxb7 Bc6+ 27. Bxc6+ Nxc6 $18) 26... gxf4) 26. f4 Rxa7 27. fxe5 Rg7 28. exf6 Rf7 29. a4 Kd8 30. h4 h5 (30... Kc7 $142 31. g4 h6 32. Rc1+ Kb8) 31. Kh2 Kc7 32. Rc1+ Kb8 33. Be4 Bc6 34. Bxc6 bxc6 35. Rxc6 Rxf6 36. Re2 Rb7 37. Rcxe6 Rf3 {Accuracy: White = 83%, Black = 42%.} 1-0

[Event "IIFL Wealth 4th Mumbai GM"]
[Site "Mumbai"]
[Date "2018.12.31"]
[Round "2"]
[White "Lugovskoy, Maxim"]
[Black "Saurabh Anand"]
[Result "1/2-1/2"]
[WhiteElo "2445"]
[BlackElo "2246"]
[Annotator "NA"]
[PlyCount "110"]
[EventDate "2018.12.30"]
[EventType "swiss"]
[EventCountry "IND"]
[SourceTitle "playchess.com"]
[Source "ChessBase"]
[SourceQuality "1"]
[TimeControl "40/5400+30:1800+30"]

1. e4 {[%emt 0:01:05]} e5 {[%emt 0:00:00]} 2. Nf3 {[%emt 0:00:09]} Nc6 {[%emt 0:00:16]} 3. Nc3 {[%emt 0:01:13]} Nf6 {[%emt 0:00:36]} 4. Bb5 {[%emt 0:00:06]} Bb4 {[%emt 0:00:32]} 5. O-O {[%emt 0:00:36]} O-O {[%emt 0:00:38]} 6. d3 {[%emt 0:00:06]} Bxc3 {[%emt 0:00:37]} 7. bxc3 {[%emt 0:00:06]} d6 {[%emt 0:00:21]} 8. Bg5 {[%emt 0:01:53]} Qe7 {[%emt 0:00:42]} 9. Re1 {[%emt 0:04:45]} a6 {[%emt 0:01:07]} 10. Ba4 {[%emt 0:00:32]} Nd8 {[%emt 0:01:28]} 11. d4 {[%emt 0:02:31]} Ne6 {[%emt 0:00:45]} 12. Bd2 {[%emt 0:05:19]} b5 {[%emt 0:01:09]} 13. Bb3 {[%emt 0:01:09]} Bb7 {[%emt 0:01:51]} 14. Bxe6 {[%emt 0:09:26]} Qxe6 {[%emt 0:10:08]} 15. d5 {[%emt 0:00:13]} Qe7 {[%emt 0:01:03]} 16. Bg5 {[%emt 0:01:15]} h6 {[%emt 0:00:42]} 17. Bh4 {[%emt 0:00:04]} c6 {[%emt 0:00:49]} 18. c4 {[%emt 0:01:49]} bxc4 {[%emt 0:03:39]} 19. Rb1 {[%emt 0:00:41]} Rab8 {[%emt 0:03:49]} 20. Rb6 {[%emt 0:09:30]} cxd5 {[%emt 0:05:00]} 21. exd5 {[%emt 0:00:59]} Qc7 {[%emt 0:01:58]} 22. Rxb7 {[%emt 0:08:59]} Rxb7 {[%emt 0:07:14]} 23. Bxf6 {[%emt 0:00:06]} gxf6 {[%emt 0:01:09]} 24. Nh4 {[%emt 0:00:05]} Kh7 {[%emt 0:00:43]} 25. Qh5 {[%emt 0:06:22]} Rg8 {[%emt 0:04:18]} 26. Qf5+ {[%emt 0:00:43]} Rg6 {[%emt 0:07:32]} 27. Nxg6 {[%emt 0:03:31]} fxg6 {[%emt 0:00:15]} 28. Qxf6 {[%emt 0:00:39]} Qa5 {[%emt 0:00:18]} 29. Rd1 {[%emt 0:01:56]} Qxd5 {[%emt 0:03:14]} 30. Qe7+ {[%emt 0:00:04]} Kg8 {[%emt 0:02:07]} 31. Qe8+ {[%emt 0:01:27]} Kg7 {[%emt 0:07:47]} 32. Qe7+ {[%emt 0:00:58]} Rxe7 {[%emt 0:00:15]} 33. Rxd5 {[%emt 0:00:03]} Rb7 {[%emt 0:00:17]} 34. f4 {[%emt 0:00:12]} Rb1+ {[%emt 0:03:21]} 35. Kf2 {[%emt 0:01:57]} Rb2 {[%emt 0:00:09]} 36. Rxd6 {[%emt 0:03:47]} Rxc2+ {[%emt 0:01:36]} 37. Kf3 {[%emt 0:00:05]} e4+ {[%emt 0:09:47]} 38. Kxe4 {[%emt 0:00:18]} Rxa2 {[%emt 0:01:54]} 39. Rc6 {[%emt 0:00:37]} Rxg2 {[%emt 0:01:12]} 40. Rc7+ {[%emt 0:00:00]} Kf6 {[%emt 0:00:00]} 41. Rc6+ {[%emt 0:01:54]} Ke7 {[%emt 0:03:36]} 42. Rxc4 {[%emt 0:08:17]} Re2+ {[%emt 0:01:27]} 43. Kf3 {[%emt 0:00:58]} Re6 {[%emt 0:01:44]} 44. Ra4 {[%emt 0:02:00]} Kd7 {[%emt 0:02:15]} 45. Kg4 {[%emt 0:00:40]} Rf6 {[%emt 0:00:28]} 46. h4 {[%emt 0:00:42]} Kc7 {[%emt 0:02:04]} 47. h5 {[%emt 0:00:05]} gxh5+ {[%emt 0:00:13]} 48. Kxh5 {[%emt 0:00:03]} Kb6 {[%emt 0:00:11]} 49. Kg4 {[%emt 0:00:25]} a5 {[%emt 0:00:20]} 50. f5 {[%emt 0:00:42]} Kb5 {[%emt 0:00:10]} 51. Ra2 {[%emt 0:02:14]} a4 {[%emt 0:00:34]} 52. Kf4 {[%emt 0:00:04]} Kb4 {[%emt 0:01:06]} 53. Ke5 {[%emt 0:00:05]} Rf8 {[%emt 0:00:14]} 54. Rh2 {[%emt 0:00:37]} Rh8 {[%emt 0:00:59]} 55. f6 {[%emt 0:01:47]} a3 {[%emt 0:00:40]} 1/2-1/2

[Event "IIFL Wealth 4th Mumbai GM"]
[Site "Mumbai"]
[Date "2018.12.31"]
[Round "2"]
[White "Nguyen, Van Huy"]
[Black "Safranska, Anda"]
[Result "1-0"]
[WhiteElo "2438"]
[BlackElo "2189"]
[Annotator "TA"]
[PlyCount "82"]
[EventDate "2018.12.30"]
[EventType "swiss"]
[EventCountry "IND"]
[SourceTitle "playchess.com"]
[Source "ChessBase"]
[SourceQuality "1"]

{[%evp 19,82,77,80,36,36,36,33,33,43,43,45,-85,112,14,12,12,6,6,16,12,23,13,32,0,0,0,8,18,24,25,18,17,57,44,70,59,58,62,54,67,80,81,82,74,120,97,150,148,160,150,268,259,453,439,427,424,458,457,439,439,427,426,672,677,722]} 1. d4 d6 2. Nf3 g6 3. c4 Bg7 4. Nc3 e5 5. e4 Nc6 6. Bg5 f6 7. Be3 Nh6 8. dxe5 dxe5 {A42: Modern Defence: Averbakh Variation} 9. Qxd8+ Kxd8 10. Rd1+ (10. h3 Be6 11. O-O-O+ Kc8 12. c5 Nf7 13. Nd2 Nd4 14. Bc4 Rd8 15. Bxe6+ Nxe6 16. Nc4 {1-0 (52) Can,E (2578)-Jones,G (2671) Reykjavik 2017}) 10... Bd7 {LiveBook: 8 Games. White is better.} 11. h3 Kc8 $146 ({Predecessor:} 11... Nf7 12. c5 Kc8 13. Bc4 Ncd8 14. O-O Be6 15. Nd2 {0-1 (68) Enchev,I (2411)-Perez Candelario,M (2568) Navalmoral 2012}) 12. c5 Be6 13. Nd5 Nf7 14. Bc4 Re8 15. b4 (15. O-O $14 {stays ahead.}) 15... Ncd8 $2 {[#]} (15... Nxb4 $1 $17 {stays on course. Threatens to win with ...c6.} 16. Bb3 Nc6) 16. Nd2 (16. b5 $1 $16) 16... c6 $11 17. Nc3 Bxc4 18. Nxc4 Ne6 19. O-O Kc7 20. g3 $36 {[%mdl 2048] White has good play.} Rad8 21. f4 Rxd1 22. Rxd1 Bh6 {[%cal Re5f4]} 23. f5 {[#] Black must now prevent Bxh6.} Bxe3+ 24. Nxe3 Nd4 25. Ng4 gxf5 26. exf5 Nxf5 27. Ne4 Re7 28. Ngxf6 Nd8 29. h4 Ne6 30. Kh2 Ned4 31. Rd3 Rf7 32. Kh3 Kd8 (32... Re7 $142) 33. g4 $16 {[%cal Bg3g4,Bg4g5][%mdl 32]} Ne7 34. g5 Ng6 (34... Nd5 $16 35. Nxd5 cxd5) 35. Kg4 $18 Kc7 $2 (35... h5+ {was worth a try.} 36. gxh6 (36. Nxh5 Rf1 $16) 36... Ke7) 36. h5 {White is clearly winning.} Nf8 37. Nd6 Re7 38. Nf5 Nxf5 39. Kxf5 Ne6 40. Rg3 ({Less strong is} 40. Nxh7 Nf4 $18) 40... e4 (40... Nd4+ $142 41. Ke4 Ne6) 41. Re3 Nd4+ {Accuracy: White = 71%, Black = 53%.} 1-0

[Event "IIFL Wealth 4th Mumbai GM"]
[Site "Mumbai"]
[Date "2018.12.31"]
[Round "2"]
[White "Laxman, R.R."]
[Black "Navalgund, Niranjan"]
[Result "1/2-1/2"]
[WhiteElo "2436"]
[BlackElo "2240"]
[Annotator "NA"]
[PlyCount "48"]
[EventDate "2018.12.30"]
[EventType "swiss"]
[EventCountry "IND"]
[SourceTitle "playchess.com"]
[Source "ChessBase"]
[SourceQuality "1"]
[TimeControl "40/5400+30:1800+30"]

1. d4 {[%emt 0:00:00]} Nf6 {[%emt 0:00:00]} 2. Nf3 {[%emt 0:00:00]} g6 {[%emt 0:00:00]} 3. g3 {[%emt 0:00:00]} Bg7 {[%emt 0:00:00]} 4. Bg2 {[%emt 0:00:00]} O-O {[%emt 0:00:00]} 5. O-O {[%emt 0:00:35]} d6 {[%emt 0:00:00]} 6. Nc3 {[%emt 0:00:19]} d5 {[%emt 0:03:16]} 7. Re1 {[%emt 0:00:21]} Bf5 {[%emt 0:08:42]} 8. Nh4 {[%emt 0:00:49]} Bg4 {[%emt 0:00:36]} 9. h3 {[%emt 0:00:25]} Be6 {[%emt 0:01:15]} 10. Nf3 {[%emt 0:01:19]} h6 {[%emt 0:05:24]} 11. e4 {[%emt 0:02:26]} dxe4 {[%emt 0:01:01]} 12. Nxe4 {[%emt 0:00:02]} Nxe4 {[%emt 0:00:11]} 13. Rxe4 {[%emt 0:00:02]} Bd5 {[%emt 0:00:11]} 14. Re1 {[%emt 0:05:12]} Re8 {[%emt 0:23:36]} 15. c3 {[%emt 0:00:37]} Nc6 {[%emt 0:01:56]} 16. Bf4 {[%emt 0:00:53]} g5 {[%emt 0:01:53]} 17. Be3 {[%emt 0:00:17]} e5 {[%emt 0:12:33]} 18. dxe5 {[%emt 0:00:54]} Nxe5 {[%emt 0:00:01]} 19. Nxe5 {[%emt 0:01:23]} Rxe5 {[%emt 0:02:55]} 20. Bxd5 {[%emt 0:11:11]} Qxd5 {[%emt 0:01:44]} 21. Qb3 {[%emt 0:02:17]} Qf3 {[%emt 0:04:59]} 22. Qd1 {[%emt 0:02:21]} Qd5 {[%emt 0:00:59]} 23. Qb3 {[%emt 0:02:20]} Qf3 {[%emt 0:00:01]} 24. Qd1 {[%emt 0:00:07]} Qd5 {[%emt 0:00:02]} 1/2-1/2

[Event "IIFL Wealth 4th Mumbai GM"]
[Site "Mumbai"]
[Date "2018.12.31"]
[Round "2"]
[White "Manik, Mikulas"]
[Black "Mohite, Ranveer"]
[Result "1/2-1/2"]
[WhiteElo "2410"]
[BlackElo "2236"]
[Annotator "TA"]
[PlyCount "117"]
[EventDate "2018.12.30"]
[EventType "swiss"]
[EventCountry "IND"]
[SourceTitle "playchess.com"]
[Source "ChessBase"]
[SourceQuality "1"]

{[%evp 24,117,39,13,38,4,10,0,0,0,35,0,15,40,91,100,90,54,231,231,217,214,143,98,128,0,50,16,47,50,74,52,108,14,29,0,0,0,0,0,0,-20,-33,-38,0,0,53,53,67,53,53,53,53,53,62,62,150,150,123,127,1100,1066,1632,1481,1066,1166,5185,3651,1874,158,158,151,151,158,158,158,10343,5427,2489,5106,2475,2119,1306,29,29,29,29,29,29,29,29,29,29,29,29,29]} 1. e4 c5 2. Nf3 d6 3. d4 cxd4 4. Nxd4 Nf6 5. Nc3 Nc6 6. Bg5 e6 7. Qd2 a6 8. O-O-O Bd7 9. f3 Nxd4 10. Qxd4 Be7 {B67: Sicilian: Richter-Rauzer: 7...a6 8 0-0-0 Bd7, lines without 9 f4 Be7} 11. Kb1 b5 12. g4 Qc7 13. h4 {[%cal Bh2h4,Bh4h5][%mdl 32] LiveBook: 7 Games} Rb8 {[#]} 14. h5 $146 ({Predecessor:} 14. Bxf6 gxf6 15. Ne2 Qc5 16. Qd2 b4 17. Ng3 a5 18. b3 Rc8 19. Bc4 {1-0 (62) Bologan,V (2590)-Van der Wiel,J (2535) Wijk aan Zee 1996}) 14... h6 15. Be3 b4 16. Ne2 $1 ({Wrong is} 16. Qa7 $2 Qxa7 17. Bxa7 Ra8 $19) 16... O-O 17. Qd2 Nh7 18. e5 $36 {[%cal Re5d6][%mdl 2048] White is more active.} d5 (18... Ba4 $14) 19. Nd4 $16 a5 20. Bd3 Ng5 $2 (20... f6 $1 $14 21. Bxh7+ Kxh7) 21. f4 $18 Ne4 22. Bxe4 $1 dxe4 23. Qg2 a4 24. Qxe4 (24. g5 $1 $16 {[%cal Rg5h6] gxh6 is the strong threat.} hxg5 25. h6) 24... Bc5 25. Rh2 Rfd8 26. Rhd2 Be8 27. f5 (27. g5 {keeps more tension.} hxg5 28. fxg5 b3 29. cxb3 Bxd4 30. Bxd4 axb3 31. h6) 27... Bxd4 (27... b3 $14) 28. Rxd4 ({White should play} 28. Bxd4 $16 b3 29. cxb3) 28... b3 29. Rxd8 (29. cxb3 {seems wilder.} Rxd4 30. Qxd4 axb3 31. Rc1 bxa2+ 32. Ka1) 29... Rxd8 30. Rxd8 bxc2+ 31. Qxc2 Qxd8 32. b3 axb3 33. axb3 {[%cal Ba2b3,Bb3b4,Bb4b5,Bb5b6][%mdl 32]} Bb5 {Hoping for ...Bd3.} 34. Kb2 Bd3 (34... Qd5 $11) 35. Qd2 $14 Qd5 36. Kc3 Be4 $1 37. Qxd5 Bxd5 {[%mdl 4096] Endgame KB-KB} 38. b4 {And now f6 would win.} exf5 39. gxf5 Bf3 (39... Be4 $14) 40. b5 $16 Kf8 41. b6 $1 Ke8 $2 {[%mdl 8192]} (41... Ke7 $16) 42. f6 $1 $18 {[%cal Rf6g7]} gxf6 43. Bxh6 Kd7 {[#]} 44. Bf4 $1 Kc6 {[#]} 45. h6 $1 {[%cal Rh6h7]} Be4 46. Be3 $2 (46. Kd4 $18) 46... fxe5 $16 47. Kb4 Bg6 48. Ka5 Kb7 49. Bg5 f5 $2 (49... Bh7 $16 50. Kb5 Bd3+ 51. Kc5 Bg6) 50. Bf6 $18 e4 51. Bg5 Bh7 52. Be3 Bg6 53. Bc5 $2 (53. Bf4 $18 {Threatens to win with Kb5.} Bh7 54. Kb5) 53... f4 {White has an edge.} 54. Bd6 e3 $1 {aiming for ...f3.} 55. Bxf4 e2 56. Bg3 Bh7 57. Bf2 Bg6 58. Be1 Bh7 59. Kb5 {Precision: White = 62%, Black = 39%.} 1/2-1/2

[Event "IIFL Wealth 4th Mumbai GM"]
[Site "Mumbai"]
[Date "2018.12.31"]
[Round "2"]
[White "Rajesh, V A V"]
[Black "Soham Datar"]
[Result "1-0"]
[WhiteElo "2402"]
[BlackElo "2134"]
[Annotator "NA"]
[PlyCount "55"]
[EventDate "2018.12.30"]
[EventType "swiss"]
[EventCountry "IND"]
[SourceTitle "playchess.com"]
[Source "ChessBase"]
[SourceQuality "1"]
[TimeControl "40/5400+30:1800+30"]

1. d4 {[%emt 0:00:00]} d5 {[%emt 0:00:00]} 2. c4 {[%emt 0:00:00]} c6 {[%emt 0:00:00]} 3. Nf3 {[%emt 0:00:00]} Nf6 {[%emt 0:00:00]} 4. e3 {[%emt 0:00:06]} Bf5 {[%emt 0:00:01]} 5. Nc3 {[%emt 0:00:10]} e6 {[%emt 0:00:39]} 6. Be2 {[%emt 0:01:23]} Nbd7 {[%emt 0:00:17]} 7. Nh4 {[%emt 0:04:31]} Be4 {[%emt 0:00:08]} 8. f3 {[%emt 0:03:10]} Bg6 {[%emt 0:00:09]} 9. O-O {[%emt 0:00:29]} Bd6 {[%emt 0:02:01]} 10. cxd5 {[%emt 0:05:07]} Ng4 {[%emt 0:10:03]} 11. f4 {[%emt 0:02:00]} Nxh2 {[%emt 0:02:28]} 12. dxe6 {[%emt 0:00:34]} Qxh4 {[%emt 0:02:40]} 13. exd7+ {[%emt 0:00:05]} Kxd7 {[%emt 0:00:49]} 14. Rf2 {[%emt 0:00:08]} Qg3 {[%emt 0:03:50]} 15. f5 {[%emt 0:01:55]} Rae8 {[%emt 0:04:00]} 16. e4 {[%emt 0:00:59]} Nf3+ {[%emt 0:06:29]} 17. Rxf3 {[%emt 0:05:26]} Qh2+ {[%emt 0:00:19]} 18. Kf2 {[%emt 0:03:03]} Qh4+ {[%emt 0:00:07]} 19. Ke3 {[%emt 0:00:57]} Rxe4+ {[%emt 0:02:54]} 20. Nxe4 {[%emt 0:00:06]} Re8 {[%emt 0:00:04]} 21. Bd3 {[%emt 0:13:20]} Bh5 {[%emt 0:02:04]} 22. Qf1 {[%emt 0:04:17]} Bxf3 23. gxf3 {[%emt 0:01:23]} Qh2 {[%emt 0:05:26]} 24. Qf2 {[%emt 0:01:10]} Bf4+ {[%emt 0:01:25]} 25. Ke2 {[%emt 0:00:05]} Qh1 {[%emt 0:00:04]} 26. Qf1 {[%emt 0:01:33]} Qh2+ {[%emt 0:00:15]} 27. Kd1 {[%emt 0:00:05]} Bxc1 {[%emt 0:00:29]} 28. Kxc1 {[%emt 0:00:05]} 1-0

[Event "IIFL Wealth 4th Mumbai GM"]
[Site "Mumbai"]
[Date "2018.12.31"]
[Round "2"]
[White "Ravi, Teja S."]
[Black "Thipsay, Bagyashree Sathe"]
[Result "1-0"]
[WhiteElo "2396"]
[BlackElo "2028"]
[Annotator "NA"]
[PlyCount "67"]
[EventDate "2018.12.30"]
[EventType "swiss"]
[EventCountry "IND"]
[SourceTitle "playchess.com"]
[Source "ChessBase"]
[SourceQuality "1"]
[TimeControl "40/5400+30:1800+30"]

1. d4 f5 2. Nf3 Nf6 3. c4 e6 4. e3 Bb4+ 5. Bd2 a5 6. Bxb4 axb4 7. Qb3 Qe7 8. c5 Nc6 9. Bb5 Nd5 10. O-O O-O 11. Nbd2 d6 12. cxd6 cxd6 13. a4 Bd7 14. Qd3 Kh8 15. Rfe1 Nd8 16. e4 Nf4 17. Qf1 fxe4 18. Rxe4 Bc6 19. Bxc6 bxc6 20. b3 d5 21. Re3 c5 22. dxc5 Qxc5 23. Ne5 Nf7 24. Nd7 Qd6 25. Nxf8 Rxf8 26. a5 d4 27. Ree1 d3 28. a6 Ng5 29. h4 Ne2+ 30. Rxe2 dxe2 31. Qxe2 Qd4 32. Ra5 Qxh4 33. a7 Ra8 34. Qe5 1-0